000 00190nam a22000737a 4500
999 _c23431
_d23431
003 Nust
005 20170525114527.0
008 131003b xxu||||| |||| 00| 0 eng d
020 _cAvalable
_a9780136006633
040 _aDLC
_bDLC
_cRCMS
050 _a005.4 TAN
082 _a005.4 TAN
100 _aTanenbaum Andrew S
_91413
245 _aModern Operating Systems
260 _aUSA
_bPrentice Hall Press Upper Saddle River,
_cc2007
300 _axxv,951,p:
_bill:
_c27,cm.
538 _iShelf # 12, Row # 2, System Engineering.
650 _aComputer Science
_9228
856 _3Table of Content Only
942 _2ddc
_cBK